Parent to parent (Record no. 18134)

MARC details
000 -LEADER
fixed length control field 00598nam a22001817a 4500
008 - FIXED-LENGTH DATA ELEMENTS--GENERAL INFORMATION
fixed length control field 191219b xxu||||| |||| 00| 0 eng d
020 ## - INTERNATIONAL STANDARD BOOK NUMBER
International Standard Book Number 1843107740
040 ## - CATALOGING SOURCE
Original cataloging agency KABU
Transcribing agency KABU
050 ## - LIBRARY OF CONGRESS CALL NUMBER
Classification number RJ506
Item number .B68 2004 c. 1
100 ## - MAIN ENTRY--PERSONAL NAME
Personal name Boushey, Ann
245 ## - TITLE STATEMENT
Title Parent to parent
Remainder of title information and inspiration for parents dealing with autism or aspeger's syndrome
Statement of responsibility, etc. Ann Boushey
260 ## - PUBLICATION, DISTRIBUTION, ETC. (IMPRINT)
Place of publication, distribution, etc. London
Name of publisher, distributor, etc. Jessica Kingsley Publishers
Date of publication, distribution, etc. 2004
300 ## - PHYSICAL DESCRIPTION
Extent 140 p.
650 ## - SUBJECT ADDED ENTRY--TOPICAL TERM
Topical term or geographic name as entry element Autism in children
650 ## - SUBJECT ADDED ENTRY--TOPICAL TERM
Topical term or geographic name as entry element Autistic children
General subdivision Care
650 ## - SUBJECT ADDED ENTRY--TOPICAL TERM
Topical term or geographic name as entry element Parents of autistic children
942 ## - ADDED ENTRY ELEMENTS (KOHA)
Source of classification or shelving scheme Library of Congress Classification
Koha item type General Collection
Classification part RJ506
Holdings
Withdrawn status Lost status Source of classification or shelving scheme Not for loan Home library Current library Date acquired Cost, normal purchase price Total Checkouts Full call number Barcode Date last seen Copy number Price effective from Koha item type
    Library of Congress Classification   Kabarak, Main Campus Kabarak, Main Campus 19/12/2019 2635.00   RJ506 .B68 2004 c. 1 024782 19/12/2019 c. 1 19/12/2019 General Collection
Designed with assistance from East African Informatics Ltd